000 00668nam a22002297a 4500
003 OSt
005 20220107122714.0
008 130524b xxu||||| |||| 00| 0 eng d
020 _a9781444333404
020 _a9781444333398
040 _cIIITM-K
082 0 0 _a577.56 RIC/A
245 0 0 _aApplied urban ecology :
_bA global framework
_cedited by Matthias Richter, Ulrike Weiland.
260 _aChichester,
_bWiley-Blackwell,
_c2012.
300 _axiv, 219 p.
650 0 _aENVIRONMENTAL SCIENCE
_9419
650 0 _aECOLOGY
_9420
650 0 _aURBAN ECOLOGY
_9421
700 1 _aRichter, Matthias,
_d1964-
_9422
700 1 _aWeiland, Ulrike.
_9423
942 _2ddc
_cBK
999 _c2988
_d2988